[Event "III Copa Marcel Duchamp 2019"]
[Site "Montevideo"]
[Date "2019.02.10"]
[Round "3.3"]
[White "Zapata Charles, Santiago"]
[Black "Alonso, Salvador"]
[Result "1/2-1/2"]
[WhiteElo "2300"]
[BlackElo "2502"]
[Annotator "TA"]
[PlyCount "79"]
[EventDate "2019.02.09"]
[EventType "swiss"]
[EventCountry "URU"]
[SourceTitle "playchess.com"]
[Source "ChessBase"]
[SourceQuality "1"]

{[%evp 16,79,0,0,4,-1,0,-12,-5,-14,-2,-2,-2,-17,0,0,0,0,15,20,22,19,17,22,38,23,157,183,170,168,177,167,159,134,147,109,104,116,153,99,108,107,117,87,77,56,125,129,129,124,125,86,97,87,94,46,112,88,116,20,93,0,102,0,97,0]} 1. e4 c5 2. Nf3 Nc6 3. c3 Nf6 4. e5 Nd5 5. d4 cxd4 6. cxd4 d6 7. Bc4 dxe5 8. dxe5 Ndb4 9. Qb3 e6 {B22: Sicilian: 2 c3} 10. O-O Na5 11. Bb5+ Bd7 {The position is equal.} 12. Qa4 $1 Bxb5 13. Qxb5+ Nac6 {next ...Nc2 is good for Black.} 14. Bg5 (14. Nc3 a6 15. Qc4 Qd3 16. Qg4 Qg6 17. Qxg6 hxg6 {0-1 (49) Potapov,P (2516)-Demchenko,A (2679) St Petersburg 2018}) 14... Be7 15. Bxe7 ({Don't blunder} 15. Qxb7 $2 Bxg5 16. Qb5 (16. Nxg5 $2 O-O $19) 16... Bh6 $19) 15... Qxe7 16. Nc3 O-O 17. Rad1 $146 ({Predecessor:} 17. Rfd1) 17... a6 18. Qc4 Na5 19. Qe4 $36 {[%mdl 2048] White is more active.} Rac8 20. a3 Rc4 (20... Nbc6 $1 $11 {keeps the balance.}) 21. Qe3 $16 Nd5 22. Nxd5 exd5 23. Rxd5 b5 24. Qd3 Rc7 25. Rd6 Nc4 26. Qd4 h6 27. Rd1 (27. b3 $142 Na5 28. Qb4) 27... Re8 {[%cal Rc4e5]} 28. Rd5 Rc6 29. h3 Re6 {[%cal Rc4e5]} 30. Re1 Nb6 (30... f6 $1 $14) 31. Rd6 Nc4 32. Rd7 Qf8 33. Kh2 R6e7 34. Rxe7 Qxe7 35. Re2 Rd8 (35... Qd8 $14) 36. Qf4 Qc5 37. Qg3 ({White should try} 37. a4 $16) 37... Qe7 (37... Qd5 $11) 38. Qf4 Qc5 $1 39. Qg3 Qe7 40. Qf4 {Accuracy: White = 40%, Black = 49%.} (40. Qg4 $16) 1/2-1/2

[Event "III Copa Marcel Duchamp 2019"]
[Site "Montevideo"]
[Date "2019.02.10"]
[Round "3.4"]
[White "Larrea, Manuel"]
[Black "Rodriguez Vila, Andres"]
[Result "0-1"]
[WhiteElo "2269"]
[BlackElo "2486"]
[Annotator "TA"]
[PlyCount "56"]
[EventDate "2019.02.09"]
[EventType "swiss"]
[EventCountry "URU"]
[SourceTitle "playchess.com"]
[Source "ChessBase"]
[SourceQuality "1"]

{[%evp 16,56,43,36,52,40,53,37,50,5,61,-15,-18,-27,-20,-15,0,-54,-47,-47,-46,-48,-40,-40,-35,-40,-33,-35,-42,-31,-18,-20,-7,-7,-7,-65,-73,-81,-57,-214,-176,-655,-653]} 1. e4 e6 2. d4 d5 3. Nc3 Bb4 4. e5 c5 5. a3 Bxc3+ 6. bxc3 Nc6 7. Qg4 g6 8. Nf3 Qa5 9. Bd2 Qa4 {C18: French: 3 Nc3 Bb4: Main line: 7 h4 and 7 Qg4} 10. Qf4 c4 11. Be2 h6 {White is slightly better.} 12. O-O Qxc2 (12... g5 $11 13. Qg4 Qxc2) 13. Rfe1 ({Better is} 13. Bd1 $14 Qf5 14. Qg3) 13... g5 $11 {[#]} 14. Qg3 $146 ({Predecessor:} 14. Qg4 Qg6 15. Bd1 Bd7 16. h4 gxh4 17. Qxh4 {1-0 (46) Dominguez Perez,L (2695)-Arencibia Rodriguez,W (2534) Havana 2008}) 14... Nge7 15. Bd1 Qg6 16. Rc1 (16. h4 $11) 16... Nf5 $15 17. Qg4 Bd7 18. Bc2 O-O-O 19. h4 gxh4 20. Bxf5 exf5 21. Qxh4 Rdg8 $36 {[%csl Gg8][%cal Rg6g2][%mdl 2048] [#] Black has the initiative.} 22. g3 Qg4 23. Kg2 $1 Nd8 {[%cal Bc6d8,Bd8e6,Be6f4][%mdl 32]} 24. Rh1 $1 Ne6 25. Qe7 (25. Qf6 $1 $11) 25... f4 {[%cal Rf4g3]} 26. Rh4 Qf5 {...Rg6 is the strong threat.} 27. Rch1 $2 {[#]} (27. Qf6 $15 Qxf6 28. exf6) 27... Rg6 28. Rxf4 $2 (28. Qb4) 28... Nxf4+ {Precision: White = 38%, Black = 69%.} 0-1

[Event "III Copa Marcel Duchamp 2019"]
[Site "Montevideo"]
[Date "2019.02.10"]
[Round "3.5"]
[White "Ricardi, Pablo"]
[Black "Coro, Lucas"]
[Result "1-0"]
[WhiteElo "2479"]
[BlackElo "2284"]
[Annotator "TA"]
[PlyCount "51"]
[EventDate "2019.02.09"]
[EventType "swiss"]
[EventCountry "URU"]
[SourceTitle "playchess.com"]
[Source "ChessBase"]
[SourceQuality "1"]

{[%evp 20,51,27,33,50,49,53,52,72,0,0,0,84,84,181,100,358,371,346,313,508,508,508,508,498,464,466,504,508,487,447,447,447,435]} 1. e4 c5 2. Nf3 Nc6 3. Bb5 d6 4. O-O Bd7 5. c3 a6 6. Bxc6 Bxc6 7. Re1 Nf6 8. d4 Bxe4 9. Bg5 d5 10. Nbd2 Bxf3 11. Qxf3 e6 {B51: Sicilian: Moscow Variation (3 Bb5+) without 3...Bd7} 12. Bxf6 gxf6 13. c4 {Black must now prevent cxd5.} Bh6 $1 {[%cal Rh6d2] White is slightly better.} 14. cxd5 (14. Rad1 $16) 14... Bxd2 $11 15. Re2 {[#]} Bg5 $146 (15... Ba5 $1 $11) ({Predecessor:} 15... cxd4 16. Rxd2 e5 17. Qf5 Ke7 18. f4 Qxd5 19. Re1 {1-0 (37) Beltran Rueda,S (2315)-Polugaevsky,L (2610) Oviedo 1991}) 16. dxe6 $16 Qc7 {[#]} ({Wrong is} 16... cxd4 $2 17. Qxb7 O-O 18. e7 $18) (16... fxe6 $16 {might work better.} 17. Rxe6+ Kf8) 17. h4 $1 $36 {[%mdl 2560] Black is under strong pressure.} Bxh4 $2 {[%mdl 8192]} (17... Bf4 $16 {was worth a try.}) 18. exf7+ $18 Kf8 19. Qh5 Bg5 $2 {[#]} (19... Kg7 {keeps fighting.} 20. Qxh4 Rhf8) 20. Re8+ $1 {[%mdl 64] Double Attack. White is clearly winning.} Kg7 21. Rae1 Rf8 {[#] Threatens to win with ...Rd8.} 22. Rxa8 $1 ({Not} 22. R1e7 Qd6 $11) 22... Rxa8 23. Re8 {[%csl Ge8][%cal Rf7f8]} Qxf7 24. Qxf7+ Kxf7 25. Rxa8 cxd4 26. Ra7 {Accuracy: White = 88%, Black = 32%.} 1-0

[Event "III Copa Marcel Duchamp 2019"]
[Site "Montevideo"]
[Date "2019.02.10"]
[Round "3.6"]
[White "Muniz, Rafael"]
[Black "Salinas Herrera, Pablo"]
[Result "1-0"]
[WhiteElo "2250"]
[BlackElo "2477"]
[Annotator "ChessBase"]
[PlyCount "125"]
[EventDate "2019.02.09"]
[EventType "swiss"]
[EventCountry "URU"]
[SourceTitle "playchess.com"]
[Source "ChessBase"]
[SourceQuality "1"]
[TimeControl "5400+30"]

1. e4 c5 2. Nf3 Nc6 3. d4 cxd4 4. Nxd4 Qb6 5. Nb3 Nf6 6. Nc3 e6 7. Bd3 a6 8. O-O Be7 9. Qe2 d6 10. Kh1 Qc7 11. f4 b5 12. Bd2 O-O 13. a3 Rb8 14. Rae1 Nd7 15. Nd5 exd5 16. exd5 Bf6 17. dxc6 Qxc6 18. Na5 Qc7 19. b4 Bd8 20. c4 Nf6 21. cxb5 Bg4 22. Qf2 axb5 23. f5 Qd7 24. h3 Bh5 25. Qf4 Bxa5 26. bxa5 Qc6 27. Qd4 Rfe8 28. Bg5 Nd7 29. Qh4 Rxe1 30. Rxe1 Qc3 31. Bf1 f6 32. Bf4 Ne5 33. Bxe5 dxe5 34. Qb4 Qc8 35. Bd3 Bf7 36. Be4 Qd8 37. Rc1 g6 38. Kh2 Kg7 39. Rc6 Qd7 40. Rd6 Qa7 41. Qd2 Rc8 42. a6 Rc4 43. Rd7 Rc7 44. Rd8 Qxa6 45. Qb4 Kh6 46. h4 gxf5 47. Bxf5 Bg6 48. Qf8+ Rg7 49. Rd7 Bxf5 50. Rxg7 Kh5 51. Rf7 Qa4 52. Qb4 Qxb4 53. axb4 Kg6 54. Re7 Bd3 55. Kg3 h5 56. Kf2 Kf5 57. Ke3 Bc4 58. Rg7 Bb3 59. g4+ Ke6 60. gxh5 f5 61. h6 Kf6 62. Rg1 f4+ 63. Kd2 1-0

[Event "III Copa Marcel Duchamp 2019"]
[Site "Montevideo"]
[Date "2019.02.10"]
[Round "3.7"]
[White "Hoffman, Alejandro"]
[Black "Carbone, Diego"]
[Result "1-0"]
[WhiteElo "2461"]
[BlackElo "2256"]
[Annotator "TA"]
[PlyCount "67"]
[EventDate "2019.02.09"]
[EventType "swiss"]
[EventCountry "URU"]
[SourceTitle "playchess.com"]
[Source "ChessBase"]
[SourceQuality "1"]

{[%evp 15,67,12,18,13,23,0,11,8,10,-1,0,0,27,24,18,0,18,17,37,36,59,60,79,0,12,20,35,36,83,38,34,33,28,12,35,30,65,69,56,38,39,0,121,107,115,101,256,247,267,260,297,305,730,704]} 1. d4 Nf6 2. Nf3 g6 3. c3 Bg7 4. Bf4 O-O 5. e3 d6 6. h3 Nbd7 7. Be2 c5 8. O-O b6 9. a4 {A48: 1 d4 Nf6 2 Nf3 g6: Torre, London and Colle Systems} a6 10. Na3 (10. Bh2 Bb7 11. Nbd2 Ra7 12. Qb1 Qa8 13. Bd3 cxd4 14. cxd4 Nd5 15. Rc1 Nb4 16. Bf1 Nf6 17. Ra3 Bd5 18. Bc4 Bc6 19. Bf1 Bd5 {1-0 (56) Ivanchuk,V (2713)-Wagner,D (2566) Batumi 2018}) 10... Nd5 $146 ({Predecessor:} 10... Bb7 11. Qb3 Rc8 12. Rfd1 cxd4 13. exd4 Qc7 14. Nc2 Qb8 15. c4 e5 16. Bh2 Qa8 17. dxe5 dxe5 {1-0 (39) Burmakin,V (2605)-Gupta,A (2587) Chalkis 2010}) 11. Bh2 {aiming for dxc5.The position is equal.} cxd4 12. Nxd4 {Hoping for Nc6.} Bb7 13. Bf3 {Ne2 is the strong threat.} Qc7 14. Bxd5 Bxd5 {[#]} 15. Nf5 $1 {[%cal Rf5e7][%mdl 512]} gxf5 16. Qxd5 Qc5 17. Rfd1 Rfc8 18. Qd3 Be5 19. Nc2 (19. Bf4 $16) 19... Bxh2+ 20. Kxh2 Nf6 21. Kg1 Kf8 22. Nd4 e6 23. Nb3 Qd5 24. Qc2 Qc6 (24... Qe5 {with more complications.} 25. Qe2 d5 26. Rd4 Kg7 27. Nd2 Qc7) 25. f3 b5 26. Nd4 Qc5 27. axb5 axb5 28. Qb3 f4 (28... Rxa1 $11 {keeps the balance.} 29. Rxa1 Nd5) 29. Rxa8 $16 ({Stronger than} 29. exf4 Rxa1 30. Rxa1 e5 $17) ({Don't play} 29. Qxb5 $6 fxe3 30. Rxa8 Rxa8 $11) 29... Rxa8 30. exf4 e5 $2 (30... Nd5 $16) 31. fxe5 $18 dxe5 {Strongly threatening ...Rd8.} 32. Qxb5 Qd6 33. Qc6 Rd8 $2 {[#]} (33... Qxc6 34. Nxc6 e4) 34. Ne6+ $1 {[%mdl 512] Precision: White = 67%, Black = 14%.} 1-0

[Event "III Copa Marcel Duchamp 2019"]
[Site "Montevideo"]
[Date "2019.02.10"]
[Round "3.8"]
[White "Coppola, Claudio"]
[Black "Bitelmajer, Martin"]
[Result "0-1"]
[WhiteElo "2209"]
[BlackElo "2453"]
[Annotator "TA"]
[PlyCount "108"]
[EventDate "2019.02.09"]
[EventType "swiss"]
[EventCountry "URU"]
[SourceTitle "playchess.com"]
[Source "ChessBase"]
[SourceQuality "1"]

{[%evp 19,108,4,22,15,66,6,59,40,51,24,23,17,23,15,39,13,13,0,0,0,0,0,0,0,-2,-12,-8,-93,0,0,0,-32,-7,-6,-9,-10,-18,-52,-53,-55,-45,-43,-42,-42,-42,-42,-45,-51,-51,-45,-42,-68,-78,-78,-72,-81,-72,-70,-70,-73,-59,-50,-39,-61,-61,-61,-54,-76,-61,-64,-42,-105,-89,-179,-173,-142,-142,-430,-472,-493,-486,-469,-450,-1295,-1256,-1820,-1718,-1166,-1054,-1916,-1847]} 1. d4 Nf6 2. c4 c5 3. d5 e6 4. Nc3 exd5 5. cxd5 d6 6. Nf3 g6 7. g3 Bg7 8. Bg2 O-O 9. O-O Re8 10. Bf4 Na6 11. Re1 {A62: Modern Benoni: Fianchetto Variation without early ...Nbd7} Nc7 (11... Ne4 $11) (11... Bg4 12. h3 Bxf3 13. Bxf3 Nd7 14. Ne4 Ne5 15. Bg2 Nc7 16. g4 f5 17. gxf5 gxf5 18. Bg5 Qd7 {½-½ (66) Wojtaszek,R (2737)-Zhigalko,S (2638) Heraklio 2017}) 12. a4 (12. e4 $14) 12... Bg4 ({Black should try} 12... Ne4 $11) 13. e4 {White is slightly better.} Nh5 14. Bg5 $146 ({Predecessor:} 14. Bd2 Qd7 15. Qb3 b6 16. Nb5 a6 17. Nxc7 Qxc7 18. Bc3 {1-0 (51) Riverol,J-Olazarri,M Montevideo 1993}) 14... Qxg5 15. Nxg5 Bxd1 16. Raxd1 a6 17. Bf1 Rab8 18. f4 Bd4+ 19. Kg2 Nf6 {Threatening ...h6.} 20. e5 dxe5 21. d6 Ne6 22. Bc4 exf4 23. d7 (23. Bxe6 $11 fxe6 24. Nxe6) 23... Re7 (23... Nxd7 $17 24. Rxe6 fxe6 25. Bxe6+ Rxe6 $1 {[%mdl 512]} 26. Nxe6 fxg3 27. Nxd4 cxd4 28. Rxd4 Nf6 29. Kxg3 Kf7) 24. Nxe6 $11 fxe6 25. Ne2 Kg7 26. Nxf4 Rxd7 {And now ...e5 would win.} 27. Nxe6+ Kh8 $1 28. b4 Bc3 29. Nxc5 Rxd1 30. Rxd1 Bxb4 31. Ne6 Ng4 32. Rd4 Ne3+ 33. Kf3 Nxc4 34. Rxc4 $15 {[%mdl 4096] Endgame KRB-KRN} Ba5 35. Ke4 b5 36. axb5 axb5 37. Rc5 Bd2 38. Kd3 Bh6 39. Kc3 b4+ 40. Kb3 Bd2 41. Rc7 Re8 42. Rc6 Kg8 43. Kc4 Kf7 44. Nc5 h5 45. Nd3 (45. Kd3 $15 Rd8+ 46. Kc4) 45... Re2 $17 46. Kd5 {[#]} (46. Ra6 $17 {was worth a try.}) 46... Bc3 $1 $19 ({Much less strong is} 46... Rxh2 47. Ne5+ Ke7 48. Nxg6+ Kd8 49. Rc2 $15) 47. Rc7+ Kf6 48. Rc6+ $2 {[%mdl 8192]} (48. h3 $17) 48... Kf5 {Black is clearly winning.} 49. h3 Rg2 50. g4+ hxg4 51. h4 (51. hxg4+ $142 Rxg4 52. Nc1) 51... Rh2 52. Rc7 Rxh4 53. Rf7+ Kg5 54. Nc5 g3 {Accuracy: White = 29%, Black = 59%.} 0-1

[Event "III Copa Marcel Duchamp 2019"]
[Site "Montevideo"]
[Date "2019.02.10"]
[Round "3.9"]
[White "Roselli Mailhe, Bernardo"]
[Black "El Ters, Antouan"]
[Result "1-0"]
[WhiteElo "2434"]
[BlackElo "2205"]
[Annotator "TA"]
[PlyCount "77"]
[EventDate "2019.02.09"]
[EventType "swiss"]
[EventCountry "URU"]
[SourceTitle "playchess.com"]
[Source "ChessBase"]
[SourceQuality "1"]

{[%evp 10,77,8,-1,44,22,42,42,55,37,56,42,49,35,33,23,35,13,29,12,14,8,20,14,9,7,13,10,7,0,19,14,12,0,60,43,66,62,65,58,179,52,64,41,144,142,156,96,96,80,79,72,83,72,79,66,71,66,300,317,304,312,722,710,716,683,839,767,29975,29976]} 1. d4 Nf6 2. c4 e6 3. Nf3 Bb4+ 4. Nbd2 O-O 5. a3 Be7 6. e4 d6 {E11: Bogo-Indian} (6... d5 $5 {[%cal Rd5e4]}) (6... d5 7. e5 Nfd7 8. Bd3 c5 9. h4 g6 10. O-O Nc6 11. Nb3 dxc4 12. Bxc4 cxd4 13. Re1 a5 14. Bh6 Re8 15. Rc1 Nb6 {1-0 (39) Ding,L (2804)-Saric,I (2689) Batumi 2018}) 7. Bd3 c5 8. d5 Nbd7 {White is slightly better.} 9. O-O Re8 10. Qc2 $146 ({Predecessor:} 10. h3 Bf8 11. Re1 a6 12. a4 g6 13. Nb1 exd5 14. exd5 Rxe1+ 15. Qxe1 {½-½ (27) Mu,K (2380)-Das,A (2485) Vlissingen 2015}) 10... Nf8 11. b4 N6d7 12. Bb2 Bf6 13. Nb3 b6 14. Rad1 Bxb2 15. Qxb2 e5 16. Qd2 Ng6 17. g3 Nf6 18. bxc5 {Hoping for c6.} bxc5 19. Rb1 h6 20. Rb2 Qd7 21. Ne1 Qa4 (21... h5 $11) 22. Nc2 Nd7 23. Na5 Nb6 24. Ne3 Ne7 {[#]} (24... Qd7 $1 $14) 25. Ra1 ({Better is} 25. Rb5 $1 $18) 25... Qd7 $14 26. Bc2 Qh3 (26... Qc7 $14) 27. Nc6 $16 Bg4 28. Nxe7+ ({White should play} 28. Qd3) 28... Rxe7 29. Bd1 Bxd1 30. Qxd1 g6 31. a4 {[%cal Ba3a4,Ba4a5,Ba5b6][%mdl 32]} f5 32. exf5 gxf5 33. a5 $36 {[%mdl 2048] White fights for an advantage.} f4 $2 {[#]} ({Black should try} 33... Nd7 $14) 34. axb6 $18 fxe3 35. fxe3 Qc8 $2 (35... a5 36. b7 Rb8) 36. Rba2 a6 37. Qh5 Kg7 38. Rf2 Qd7 39. Raf1 {Accuracy: White = 49%, Black = 29%.} 1-0

[Event "III Copa Marcel Duchamp 2019"]
[Site "Montevideo"]
[Date "2019.02.10"]
[Round "3.10"]
[White "Hernandez Amura, Gilberto"]
[Black "Diaz Hollemaert, Nahuel"]
[Result "0-1"]
[WhiteElo "2199"]
[BlackElo "2426"]
[Annotator "TA"]
[PlyCount "74"]
[EventDate "2019.02.09"]
[EventType "swiss"]
[EventCountry "URU"]
[SourceTitle "playchess.com"]
[Source "ChessBase"]
[SourceQuality "1"]

{[%evp 21,74,-17,0,-3,11,14,39,50,49,19,56,0,0,0,0,-32,-28,-175,-173,-158,-176,-465,-443,-493,-487,-483,-482,-511,-506,-499,-497,-491,-476,-833,-837,-830,-836,-835,-772,-798,-770,-810,-685,-945,-957,-958,-952,-927,-915,-1256,-1214,-1483,-1371,-29992,-29993]} 1. e4 e5 2. Nf3 Nc6 3. d4 exd4 4. Bc4 Nf6 5. e5 d5 6. Bb5 Ne4 7. Nxd4 Bd7 8. Bxc6 bxc6 9. O-O Be7 10. f3 Nc5 11. Be3 O-O 12. Nb3 {C56: Two Knights: 4 d4 exd4 5 0-0 Nxe4} (12. Nd2 f6 13. exf6 Rxf6 14. Bg5 Rg6 15. Bxe7 Qxe7 16. Re1 Qh4 17. N2b3 Nxb3 18. Nxb3 Rh6 19. Qd4 Qxh2+ 20. Kf2 Rg6 21. Rg1 Rf8 22. Raf1 Re8 23. Rd1 Bh3 {0-1 (23) Adhiban,B (2666)-Volokitin,A (2649) Doha 2016}) 12... Ne6 13. f4 {Threatening f5.} f5 14. Nc3 {White is slightly better.} Qb8 15. Ne2 Qb4 $146 ({Predecessor:} 15... g5 16. Ned4 Nd8 17. Nf3 Be6 18. a4 Qb4 19. c3 Qb8 20. Rb1 Nb7 21. Nbd4 Nd8 22. Nb3 Nb7 23. Nbd4 Nd8 24. Nb3 Nb7 25. Nbd4 Nd8 26. Nb3 {½-½ (26) Vega Gutierrez,B (2190)-Gutierrez Olivares,D (2367) Las Palmas 2013}) 16. c3 (16. a3 $14 Qc4 17. Na5) 16... Qc4 $1 $11 17. Na5 Qa6 $1 {[%cal Ra6a5]} 18. b4 c5 {[%cal Bc6c5,Bc5b4][%mdl 32]} 19. Qxd5 {[#]} (19. a3 $11 {and White has nothing to worry.}) 19... Rad8 $1 $19 ({Wrong is} 19... Qxe2 $2 20. Rfe1 $18) 20. c4 cxb4 21. Nd4 $2 (21. Nb3 {only move.}) 21... Bc8 22. Nac6 Bc5 ({But not} 22... Rxd5 23. cxd5 Nxd4 24. Nxe7+ Kf7 25. Bxd4 $19) 23. Nxd8 Rxd8 24. Nxf5 {[#] And now Qf3 would win.} Rxd5 25. cxd5 Bxe3+ 26. Nxe3 Qd3 27. dxe6 (27. Rae1 $142 Nd4 28. Kh1) 27... Qxe3+ 28. Kh1 Bxe6 29. Rae1 Qd3 30. Rd1 Qf5 31. Rd8+ Kf7 32. Rb8 c5 33. Rb7+ Kg6 34. Rxa7 h5 35. h3 Bd5 {( -> ...Qxh3+)} 36. Kg1 c4 37. Re1 Qc2 {Accuracy: White = 25%, Black = 78%.} 0-1

[Event "III Copa Marcel Duchamp 2019"]
[Site "Montevideo"]
[Date "2019.02.10"]
[Round "3.11"]
[White "Gemy, Jose Daniel"]
[Black "Lagar, Valentin Alejo"]
[Result "1/2-1/2"]
[WhiteElo "2391"]
[BlackElo "2196"]
[Annotator "TA"]
[PlyCount "60"]
[EventDate "2019.02.09"]
[EventType "swiss"]
[EventCountry "URU"]
[SourceTitle "playchess.com"]
[Source "ChessBase"]
[SourceQuality "1"]

{[%evp 17,60,-37,-39,-51,-46,-52,-50,-46,-49,-109,-101,-94,-83,-95,-71,-93,-82,-128,0,0,30,33,71,-56,-47,-87,-87,-82,-86,-86,-85,-233,-232,-234,-230,-221,0,-170,0,-236,0,-162,0,-207,0]} 1. e4 e5 2. Nf3 Nc6 3. Bc4 Bc5 4. O-O Nf6 5. d4 Bxd4 6. Nxd4 Nxd4 7. f4 d6 8. fxe5 dxe5 9. Bg5 Qe7 {And now ...Qc5 would win.} 10. Na3 {C50: Hungarian Defence and Giuoco Pianissimo} Rg8 11. Kh1 Bd7 12. Qe1 {Black is slightly better.} Ne6 13. Bh4 (13. Bxf6 $15 gxf6 14. Qe3) 13... g5 $1 $17 {[%cal Rg5h4]} 14. Bf2 Bc6 15. Bb5 $146 ({Predecessor:} 15. Nb5 a6 16. Bxe6 fxe6 17. Nc3 {0-1 (32) Ristic,N (2417)-Glud,J (2511) Marseille 2016}) 15... Bxb5 16. Nxb5 a6 17. Na3 {[%cal Bb5a3,Ba3c4,Bc4e5][%mdl 32]} Qd7 ({Better is} 17... O-O-O $1 $17 18. Bg1 Nf4) 18. Nc4 $1 $11 Qc6 19. Nxe5 Qxc2 20. Bg3 ({White should try} 20. Bg1 $1 $16 Qxb2 21. Rf5) 20... Nf4 $1 $36 {[%csl Gf4][%cal Rc2g2][%mdl 2048] Black is pushing.} 21. Rf2 Qc5 22. Bxf4 gxf4 23. Nd3 Qg5 $1 24. Qb4 (24. Nxf4 $17 {keeps fighting.} O-O-O 25. Rc1) 24... Ng4 $19 25. Rc2 Ne3 26. Rf2 Ng4 (26... Nxg2 $2 27. Rg1 $18 (27. Qxb7 Rd8 $11)) 27. Rc2 $1 Ne3 (27... Qh6 $142 $1 {[%csl Gg4][%cal Rh6h2]} 28. h3 f3 $1 {[%mdl 512]} 29. Qxb7 {[%mdl 64] Double Attack} (29. Rxc7 fxg2+ 30. Kxg2 Ne5+ 31. Kf2 Nxd3+ 32. Ke2 Nxb4 33. Rxf7 O-O-O 34. Rd7 Rxd7 35. Rd1 Qh5+ 36. Kf2 Qxd1 37. h4 Rf7+ 38. Ke3 Rg3#) 29... Rd8 30. Qc6+ Qxc6 31. Rxc6 fxg2+ 32. Kg1 Rxd3 33. hxg4 Rxg4) 28. Rf2 Ng4 ({Not} 28... Nxg2 $2 29. Rg1 $18 (29. Qxb7 Rd8 $11)) 29. Rc2 $1 Ne3 30. Rf2 {[#]} Ng4 $2 {Accuracy: White = 50%, Black = 51%.} ({Wrong is} 30... Nxg2 $2 31. Rg1 $18 (31. Qxb7 Rd8 $11)) (30... O-O-O $1 $19 31. Nxf4 Ng4) 1/2-1/2

[Event "III Copa Marcel Duchamp 2019"]
[Site "Montevideo"]
[Date "2019.02.10"]
[Round "3.12"]
[White "Fiora, Emilio"]
[Black "Lujan, Carolina"]
[Result "1/2-1/2"]
[WhiteElo "2190"]
[BlackElo "2357"]
[Annotator "TA"]
[PlyCount "44"]
[EventDate "2019.02.09"]
[EventType "swiss"]
[EventCountry "URU"]
[SourceTitle "playchess.com"]
[Source "ChessBase"]
[SourceQuality "1"]

{[%evp 19,44,72,77,67,83,70,64,20,35,4,10,0,0,-42,0,-53,-14,-123,-81,-83,-75,-118,10,10,10,16,14]} 1. e4 c5 2. Nf3 Nc6 3. Bb5 e6 4. O-O Nge7 5. d4 cxd4 6. Nxd4 a6 {B30: Sicilian: 2...Nc6 3 Bb5, lines without ...g6} (6... Qb6 7. Nxc6 bxc6 8. Bd3 Ng6 9. c4 Bc5 10. Nc3 Qc7 11. Kh1 e5 12. Na4 Bd4 13. c5 d6 14. Be3 dxc5 15. Nxc5 Bxb2 {0-1 (56) Adams,M (2712)-Adhiban,B (2668) Douglas 2018}) 7. Be2 Ng6 8. c4 Qc7 9. Be3 Be7 10. Nc3 O-O {LiveBook: 3 Games} 11. Nb3 $146 ({Predecessor:} 11. Rc1 Nxd4 12. Qxd4 d6 13. Rfd1 Rd8 14. Na4 {1-0 (25) Kovacevic,A (2481)-Toma,R (2377) Arad 2017}) 11... b6 12. Rc1 Na5 13. Nd4 Bb7 14. a3 Nf4 (14... Nxc4 $6 15. Bxc4 Qxc4 16. Na4 $16) 15. Bf3 Ng6 $1 ({Much worse is} 15... Nxc4 $6 16. Bxf4 Qxf4 17. Nce2 $16) 16. Na4 Ne5 17. Bf4 ({Better is} 17. Be2 $11) 17... d6 ({But not} 17... Nxf3+ $6 18. Qxf3 d6 19. c5 $11) 18. c5 (18. Re1 $11) 18... bxc5 19. b4 {[#]} Nac6 $1 20. bxc5 Nxf3+ (20... Rad8 $17 {And now ...dxc5 would win.} 21. Nxc6 Bxc6) 21. Nxf3 $11 e5 22. Be3 {Nb6 is the strong threat.} Rad8 {Precision: White = 26%, Black = 45%.} 1/2-1/2

[Event "III Copa Marcel Duchamp 2019"]
[Site "Montevideo"]
[Date "2019.02.10"]
[Round "3.13"]
[White "De Dovitiis, Alejo"]
[Black "Benoit, Rodrigo"]
[Result "1-0"]
[WhiteElo "2353"]
[BlackElo "2189"]
[Annotator "TA"]
[PlyCount "43"]
[EventDate "2019.02.09"]
[EventType "swiss"]
[EventCountry "URU"]
[SourceTitle "playchess.com"]
[Source "ChessBase"]
[SourceQuality "1"]

{[%evp 11,43,-12,7,-23,7,-16,-9,-8,29,38,42,43,45,22,20,26,18,31,29,37,37,29,20,12,51,35,68,64,84,77,95,58,135,126]} 1. e4 e5 2. Nc3 Nf6 3. g3 Bc5 4. Bg2 O-O 5. d3 Nc6 6. Nge2 {C26: Vienna Game: 2...Nf6, sidelines} d6 {LiveBook: 7 Games} 7. h3 Be6 8. Nd5 {The position is equal.} Bxd5 (8... h6 {seems wilder.} 9. O-O a5 10. Nec3 a4 11. Be3 Nd4) 9. exd5 Nb8 $146 ({Predecessor:} 9... Ne7 10. c4 c6 11. dxc6 Nxc6 12. O-O d5 13. Qb3 dxc4 14. dxc4 {1-0 (63) Spangenberg,H (2535)-Hsu,L (2455) Buenos Aires 1992}) 10. O-O Nbd7 11. g4 Kh8 12. Ng3 Ng8 13. Kh2 Ne7 14. f4 exf4 15. Bxf4 Bd4 16. c3 Be5 17. Bxe5 Nxe5 18. d4 $36 {[%mdl 2048] White has good play.} Nd7 19. Qd2 Ng8 20. Rf2 g6 21. Raf1 Kg7 ({Black should try} 21... Qh4 $14) 22. Ne4 {Precision: White = 57%, Black = 45%.} 1-0